000 00792na a2200289 4500
001 16500
003 MIRAKIL
005 20181213154951.0
008 161011b tu 000 0
040 _aMilas
_btur
_cTR-AnCHP
041 _atur
082 _a956.35
_bÖ93s 2011
090 _a956.35 Ö93s 2011
100 _aÖzer, Mehmet
245 _aSesini yitiren şehir "Sivas"
_b2 Temmuz 1993
_cMehmet Özer
246 _aSivas
246 _aSesini yitiren şehir Sivas
250 _a3. bs.
260 _aAnkara
_b[Çankaya Belediyesi]
_c2011
300 _a304 s.
_bfotg.
_c23x27 sm.
650 _aSivas olayları
650 _a2 Temmuz 1993
_xKatliamlar
650 _aMadımak Oteli
_xKatliamlar
651 _aSivas
_xTarih
651 _aSivas
_xKatliamlar
942 _2ddc
_cBKS
999 _c4030
_d4030